[Event "DLM 2008"]
[Site "Dresden GER"]
[Date "2008.11.14"]
[Round "1"]
[White "Pfadenhauer, Johannes"]
[Black "Schreiber, Kevin"]
[Result "1-0"]
[Termination "normal"]
[Board "6.6"]
[WhiteElo "1668"]
[BlackElo "1587"]
[WhiteTeam "Bayern"]
[BlackTeam "Mecklenburg-Vorpommern"]
[PlyCount "61"]
[WhiteFideId "24615269"]
[BlackFideId "24655830"]
[EventCountry "GER"]
[EventRounds "7"]
[EventType "team-swiss"]
[EventDate "2008.11.13"]

1. d4 d5 2. c4 e6 3. Nc3 Nf6 4. cxd5 exd5 5. Bg5 c6 6. e3 Bd6 7. Bd3 Nbd7 8.
Nge2 O-O 9. Qc2 Re8 10. O-O-O b5 11. h4 Qb6 12. f3 a5 13. e4 c5 14. e5 cxd4 15.
exf6 dxc3 16. Bxh7+ Kh8 17. fxg7+ Kxg7 18. Nxc3 Bb7 19. Kb1 Rac8 20. Qf5 Rc7
21. Nxd5 Bxd5 22. Qxd5 Re6 23. Bf5 Re5 24. Qxd6 Qxd6 25. Rxd6 Rxf5 26. Rhd1 Ne5
27. R6d5 f6 28. Bd2 Kg6 29. Bxa5 Re7 30. Rxb5 Rf4 31. Bc3 1-0

[Event "DLM 2008"]
[Site "Dresden GER"]
[Date "2008.11.14"]
[Round "1"]
[White "Schöbel, Ulrike"]
[Black "Adermann, Mara"]
[Result "1/2-1/2"]
[Termination "normal"]
[Board "6.7"]
[WhiteElo "1720"]
[BlackElo "1558"]
[WhiteTeam "Mecklenburg-Vorpommern"]
[BlackTeam "Bayern"]
[PlyCount "68"]
[EventCountry "GER"]
[EventRounds "7"]
[EventType "team-swiss"]
[EventDate "2008.11.13"]

1. d4 Nf6 2. Nf3 d5 3. Bf4 c6 4. e3 Qb6 5. Qc1 Bf5 6. Nbd2 e6 7. Be2 Nbd7 8. c3
h6 9. Ne5 Be7 10. Ndf3 c5 11. O-O c4 12. Nxd7 Nxd7 13. Ne5 Nxe5 14. Bxe5 f6 15.
Bg3 h5 16. h3 g5 17. Bd1 Kf7 18. b3 cxb3 19. axb3 Rag8 20. f3 g4 21. hxg4 hxg4
22. f4 Bd3 23. Re1 f5 24. Qd2 Ba6 25. Rb1 Bh4 26. Bxh4 Rxh4 27. Be2 g3 28. Bd3
Rgh8 29. Kf1 Bxd3+ 30. Qxd3 Rh1+ 31. Ke2 Rxe1+ 32. Kxe1 Qa5 33. Qc2 Rh1+ 34.
Kd2 Rh2 1/2-1/2

[Event "DLM 2008"]
[Site "Dresden GER"]
[Date "2008.11.14"]
[Round "1"]
[White "Berger, Nadja"]
[Black "Wulf, Constanze"]
[Result "0-1"]
[Termination "normal"]
[Board "6.8"]
[WhiteElo "1553"]
[BlackElo "970"]
[WhiteTeam "Bayern"]
[BlackTeam "Mecklenburg-Vorpommern"]
[PlyCount "116"]
[WhiteFideId "24692212"]
[BlackFideId "24692379"]
[EventCountry "GER"]
[EventRounds "7"]
[EventType "team-swiss"]
[EventDate "2008.11.13"]

1. c4 d6 2. Nc3 Nf6 3. g3 g6 4. Bg2 Bg7 5. Nf3 O-O 6. O-O c5 7. Rb1 Be6 8. d3
Nc6 9. Bd2 Qd7 10. Qc1 Rfb8 11. Ng5 Nd8 12. Nxe6 Nxe6 13. Bh6 Bh8 14. Nd5 Nc7
15. Bh3 Qd8 16. Ne3 a6 17. Nf5 e6 18. Nh4 b5 19. Qe3 Qe7 20. Nf5 Qd8 21. Nh4
Ra7 22. b4 Rab7 23. Bg2 d5 24. Qxc5 bxc4 25. dxc4 Rb6 26. Bf4 R8b7 27. Qa5 Qe7
28. c5 Rb5 29. Qa4 e5 30. Bd2 a5 31. a3 Rb8 32. Qc2 e4 33. bxa5 Nd7 34. Bf4
Rxc5 35. Rxb8+ Nxb8 36. Qb3 Nd7 37. Bxc7 Rxc7 38. Qb4 Qe6 39. Qb5 g5 40. a6
gxh4 41. Qa5 Ra7 42. Rc1 Bf6 43. Rc7 Rxa6 44. Qb5 Ne5 45. Bh3 Qd6 46. Qe8+ Kg7
47. Rc8 Kh6 48. Qg8 Bg7 49. Bf5 Ng6 50. g4 Qf6 51. f4 exf3 52. exf3 Qa1+ 53.
Kg2 Qb2+ 54. Kg1 Rxa3 55. Ra8 Rc3 56. Rc8 Rxf3 57. Re8 Bd4+ 58. Kh1 Rf1# 0-1

[Event "DLM 2008"]
[Site "Dresden GER"]
[Date "2008.11.14"]
[Round "1"]
[White "Armbrust, Florian"]
[Black "Hannes, Diana"]
[Result "1-0"]
[Termination "normal"]
[Board "7.1"]
[WhiteElo "2326"]
[BlackElo "2055"]
[WhiteTeam "Rheinland-Pfalz"]
[BlackTeam "Thüringen"]
[PlyCount "55"]
[WhiteFideId "4691350"]
[BlackFideId "24611344"]
[EventCountry "GER"]
[EventRounds "7"]
[EventType "team-swiss"]
[EventDate "2008.11.13"]

1. e4 c5 2. Nc3 Nc6 3. Bb5 Nd4 4. Bc4 g6 5. Nf3 Bg7 6. Nxd4 cxd4 7. Qf3 e6 8.
Nb5 d6 9. Qa3 Ke7 10. c3 dxc3 11. Nxc3 Qc7 12. d3 Bd7 13. O-O a6 14. Be3 Bc6
15. f4 b5 16. e5 Kd7 17. Bb3 Ne7 18. Ne4 Bxe4 19. dxe4 dxe5 20. Rac1 Qb7 21.
Rfd1+ Ke8 22. Qd6 Rc8 23. Rxc8+ Qxc8 24. Bb6 Ng8 25. f5 gxf5 26. exf5 exf5 27.
Bd5 f6 28. Bc6+ 1-0

[Event "DLM 2008"]
[Site "Dresden GER"]
[Date "2008.11.14"]
[Round "1"]
[White "Wolf, Isaak"]
[Black "Dann, Matthias"]
[Result "0-1"]
[Termination "normal"]
[Board "7.2"]
[WhiteElo "1925"]
[BlackElo "2203"]
[WhiteTeam "Thüringen"]
[BlackTeam "Rheinland-Pfalz"]
[PlyCount "70"]
[BlackFideId "24638056"]
[EventCountry "GER"]
[EventRounds "7"]
[EventType "team-swiss"]
[EventDate "2008.11.13"]

1. e4 e6 2. d4 d5 3. exd5 exd5 4. Nf3 Bg4 5. Be2 Bd6 6. Ne5 Bxe2 7. Qxe2 Ne7 8.
Nc3 O-O 9. O-O Re8 10. Nd3 c6 11. Qg4 Qd7 12. Qxd7 Nxd7 13. Bf4 Bxf4 14. Nxf4
Nf5 15. Rad1 b5 16. g4 Nh4 17. f3 b4 18. Na4 Nb6 19. Nxb6 axb6 20. Rd3 g5 21.
Nh5 Re2 22. Rf2 Re1+ 23. Rf1 Rxf1+ 24. Kxf1 Rxa2 25. Rb3 Ra1+ 26. Ke2 Rh1 27.
Rxb4 Rxh2+ 28. Kd3 b5 29. Rb3 Rf2 30. c3 f5 31. f4 fxg4 32. Nf6+ Kg7 33. Nxg4
Rxf4 34. Ne5 g4 35. Ke3 g3 0-1

[Event "DLM 2008"]
[Site "Dresden GER"]
[Date "2008.11.14"]
[Round "1"]
[White "Grünter, Martin"]
[Black "Steinacker, Alex"]
[Result "1-0"]
[Termination "normal"]
[Board "7.3"]
[WhiteElo "2045"]
[BlackElo "1777"]
[WhiteTeam "Rheinland-Pfalz"]
[BlackTeam "Thüringen"]
[PlyCount "55"]
[WhiteFideId "24640352"]
[BlackFideId "24647195"]
[EventCountry "GER"]
[EventRounds "7"]
[EventType "team-swiss"]
[EventDate "2008.11.13"]

1. e4 c5 2. c3 Nf6 3. e5 Nd5 4. d4 cxd4 5. Nf3 Nc6 6. Bc4 Nb6 7. Bb3 d6 8. exd6
Qxd6 9. O-O Bf5 10. Nxd4 Nxd4 11. cxd4 e6 12. Nc3 Be7 13. Qf3 Qxd4 14. Qxb7 Qh4
15. Ba4+ Kf8 16. g3 Qh5 17. Be3 Rd8 18. Rfd1 Nxa4 19. Rxd8+ Bxd8 20. Qd7 Bg5
21. Nxa4 g6 22. Bd4 Be4 23. Qc8+ Ke7 24. Bc5+ Kf6 25. Qxh8+ Kf5 26. f3 Bxf3 27.
Rf1 Bf4 28. Qc3 1-0

[Event "DLM 2008"]
[Site "Dresden GER"]
[Date "2008.11.14"]
[Round "1"]
[White "Tischer, Jana"]
[Black "Remy, Janina"]
[Result "0-1"]
[Termination "normal"]
[Board "7.4"]
[WhiteElo "1870"]
[BlackElo "1983"]
[WhiteTeam "Thüringen"]
[BlackTeam "Rheinland-Pfalz"]
[PlyCount "128"]
[WhiteFideId "24617164"]
[BlackFideId "24627348"]
[EventCountry "GER"]
[EventRounds "7"]
[EventType "team-swiss"]
[EventDate "2008.11.13"]

1. e4 c6 2. d4 d5 3. exd5 cxd5 4. c4 g6 5. Nc3 Nf6 6. Nf3 Bg7 7. h3 O-O 8. Bf4
Nc6 9. Be2 Bf5 10. O-O Rc8 11. b3 dxc4 12. bxc4 Ne4 13. Nxe4 Bxe4 14. Ng5 Bf5
15. g4 Bd7 16. d5 Na5 17. Rc1 b6 18. Re1 h6 19. Nf3 f5 20. g5 hxg5 21. Bxg5 Bf6
22. Qd2 Nb7 23. Bh6 Re8 24. Kh1 Nc5 25. Ng5 e6 26. Bf3 e5 27. Rg1 f4 28. Ne4
Bf5 29. Nxf6+ Qxf6 30. Bg5 Qd6 31. Bg4 Qd7 32. f3 Bxg4 33. Rxg4 Qf5 34. Bh4 Kh7
35. Qg2 e4 36. Rg5 exf3 37. Qxf3 Qe4 38. Kg2 Qxf3+ 39. Kxf3 Nd3 40. Rd1 Re3+
41. Kg2 Rxc4 42. d6 f3+ 43. Kf1 Rxh4 44. Rd5 Nb4 45. d7 Nc6 46. Rc1 Rxh3 47.
Rxc6 Re2 48. Rg5 Rh1+ 49. Rg1 Rxg1+ 50. Kxg1 Rd2 51. Rc7 Kh6 52. Rxa7 Kh5 53.
Kf1 g5 54. Ke1 Rd3 55. Kf2 g4 56. a4 Kh4 57. d8=Q+ Rxd8 58. Rh7+ Kg5 59. Rg7+
Kf5 60. Rf7+ Kg6 61. Rf4 Kg5 62. Rb4 Rd2+ 63. Ke1 g3 64. Rxb6 Rd1+ 0-1

[Event "DLM 2008"]
[Site "Dresden GER"]
[Date "2008.11.14"]
[Round "1"]
[White "Voss, Chantal"]
[Black "Pältz, Sebastian"]
[Result "1/2-1/2"]
[Termination "normal"]
[Board "7.5"]
[WhiteElo "1902"]
[BlackElo "1773"]
[WhiteTeam "Rheinland-Pfalz"]
[BlackTeam "Thüringen"]
[PlyCount "68"]
[WhiteFideId "4664906"]
[BlackFideId "24648027"]
[EventCountry "GER"]
[EventRounds "7"]
[EventType "team-swiss"]
[EventDate "2008.11.13"]

1. d4 d5 2. c4 e6 3. Nc3 Nf6 4. Bg5 Nbd7 5. cxd5 exd5 6. e3 c6 7. Bd3 Bd6 8.
Nge2 Qc7 9. Bh4 O-O 10. Ng3 c5 11. O-O cxd4 12. Nb5 Qb6 13. Nxd6 Qxd6 14. exd4
Qb4 15. b3 Kh8 16. Re1 Qxd4 17. Nf5 Qb4 18. Bg3 Re8 19. Rxe8+ Nxe8 20. Qe2 Ndf6
21. Rc1 Ne4 22. Nh4 Be6 23. Be5 f6 24. Bb2 Rc8 25. Re1 N8d6 26. Nf3 Bf7 27. Nd4
Nc3 28. Bxc3 Qxc3 29. Nf5 Re8 30. Ne3 d4 31. Qc2 Qxc2 32. Nxc2 Rxe1+ 33. Nxe1
Be6 34. Nc2 Bf5 1/2-1/2

[Event "DLM 2008"]
[Site "Dresden GER"]
[Date "2008.11.14"]
[Round "1"]
[White "Urban, Lars"]
[Black "Grzeca, Pascal"]
[Result "0-1"]
[Termination "normal"]
[Board "7.6"]
[WhiteElo "1789"]
[BlackElo "1903"]
[WhiteTeam "Thüringen"]
[BlackTeam "Rheinland-Pfalz"]
[PlyCount "104"]
[WhiteFideId "4644034"]
[BlackFideId "24600741"]
[EventCountry "GER"]
[EventRounds "7"]
[EventType "team-swiss"]
[EventDate "2008.11.13"]

1. d4 Nf6 2. c4 e6 3. Nf3 b6 4. Bg5 h6 5. Bh4 Bb4+ 6. Nc3 Qe7 7. a3 Bxc3+ 8.
bxc3 c5 9. e3 d6 10. Bd3 Bb7 11. Qe2 Nbd7 12. e4 e5 13. d5 O-O 14. O-O g5 15.
Nxg5 hxg5 16. Bxg5 Qe8 17. Qf3 Nh7 18. Bh6 Kh8 19. Bxf8 Qxf8 20. Be2 Ndf6 21.
Bd3 Qh6 22. Rae1 Rg8 23. Kh1 Ng5 24. Qe3 Bc8 25. f3 Nh5 26. Qf2 Nh3 27. gxh3
Ng3+ 28. hxg3 Bxh3 29. Qh2 Rxg3 30. Qxg3 Bxf1+ 31. Qh2 Qxh2+ 32. Kxh2 Bxd3 33.
Rg1 Bxc4 34. Rg5 a5 35. Kg3 a4 36. Kg4 Be2 37. c4 Bxc4 38. Kf5 Be2 39. Kf6 Bxf3
40. Kxf7 Bxe4 41. Rg8+ Kh7 42. Rg4 Bxd5+ 43. Ke7 Bf3 44. Rxa4 e4 45. Ra6 e3 46.
Rxb6 e2 47. Rb1 d5 48. a4 d4 49. a5 d3 50. a6 d2 51. a7 e1=Q+ 52. Rxe1 dxe1=Q+
0-1

[Event "DLM 2008"]
[Site "Dresden GER"]
[Date "2008.11.14"]
[Round "1"]
[White "Stahnecker, Ludwig"]
[Black "Jünger, Theresa"]
[Result "1-0"]
[Termination "normal"]
[Board "7.7"]
[WhiteElo "1939"]
[BlackElo "1584"]
[WhiteTeam "Rheinland-Pfalz"]
[BlackTeam "Thüringen"]
[PlyCount "57"]
[WhiteFideId "24692026"]
[EventCountry "GER"]
[EventRounds "7"]
[EventType "team-swiss"]
[EventDate "2008.11.13"]

1. e4 c5 2. Nf3 d6 3. d4 cxd4 4. Nxd4 Nf6 5. Nc3 a6 6. f3 b5 7. Be3 Bb7 8. Qd2
e6 9. g4 Be7 10. O-O-O b4 11. Nce2 Qa5 12. Kb1 d5 13. e5 Nfd7 14. f4 Nc6 15.
Nxc6 Bxc6 16. Nd4 Bb7 17. f5 Nxe5 18. fxe6 O-O 19. exf7+ Rxf7 20. Be2 Nc4 21.
Qd3 Nxe3 22. Qxe3 Rc8 23. Rhf1 Rxf1 24. Rxf1 Qc7 25. Qe6+ Kh8 26. Bd3 Bf6 27.
Qf5 Qxh2 28. Nf3 Qh3 29. g5 1-0

[Event "DLM 2008"]
[Site "Dresden GER"]
[Date "2008.11.14"]
[Round "1"]
[White "Michels, Kim"]
[Black "Röhlich, Anna"]
[Result "1-0"]
[Termination "normal"]
[Board "7.8"]
[WhiteElo "1321"]
[BlackElo "987"]
[WhiteTeam "Thüringen"]
[BlackTeam "Rheinland-Pfalz"]
[PlyCount "145"]
[WhiteFideId "24690066"]
[EventCountry "GER"]
[EventRounds "7"]
[EventType "team-swiss"]
[EventDate "2008.11.13"]

1. e4 c5 2. d4 cxd4 3. c3 dxc3 4. Nxc3 Nc6 5. Nf3 d6 6. Bc4 a6 7. O-O Nf6 8. e5
dxe5 9. Qe2 Bg4 10. Rd1 Qb8 11. Qe3 e6 12. h3 Bxf3 13. Qxf3 Be7 14. Be3 O-O 15.
Rac1 Qc7 16. Bd3 Rac8 17. Na4 Nd7 18. Qe4 Nf6 19. Qf3 Nd7 20. Qe4 Nf6 21. Qf3
Nd7 22. Qh5 Nf6 23. Qf3 Nd7 24. Qg4 f5 25. Qe2 Bd6 26. Bc4 Rf6 27. Bg5 Rg6 28.
Qd2 b5 29. h4 h6 30. h5 Rxg5 31. Bxe6+ Kh7 32. Qxd6 Qxd6 33. Rxd6 bxa4 34. Bxd7
Rb8 35. Bxc6 Rxb2 36. Bxa4 Rxa2 37. Rxa6 Rxh5 38. Bb5 Rb2 39. Be8 Rg5 40. Ra5
Re2 41. Bb5 Re4 42. Bc6 Rh4 43. Rxe5 Rgh5 44. g3 Rd4 45. Bf3 Rg5 46. Rcc5 Kg6
47. Rc6+ Kh7 48. Rcc5 Kg6 49. Bc6 Kf6 50. f4 Rxg3+ 51. Kf2 Rdd3 52. Rxf5+ Ke6
53. Rfe5+ Kf6 54. Rc2 Rg4 55. Re3 Rxf4+ 56. Rf3 g5 57. Ke2 Rdxf3 58. Bxf3 g4
59. Bb7 Kg5 60. Ke3 h5 61. Bc8 Rf3+ 62. Ke2 Kh4 63. Bb7 Rf7 64. Bd5 Rf6 65. Ke1
g3 66. Bb7 Kg5 67. Rc3 h4 68. Ra3 Rf2 69. Rc3 Kf4 70. Rc4+ Ke3 71. Rxh4 g2 72.
Rh3+ Rf3 73. Rxf3+ 1-0

[Event "DLM 2008"]
[Site "Dresden GER"]
[Date "2008.11.14"]
[Round "1"]
[White "Zimmermann, René"]
[Black "Friedrich, Ricardo"]
[Result "1/2-1/2"]
[Termination "normal"]
[Board "8.1"]
[WhiteElo "2007"]
[BlackElo "2051"]
[WhiteTeam "Sachsen 2"]
[BlackTeam "Sachsen 1"]
[PlyCount "88"]
[WhiteFideId "24624349"]
[BlackFideId "24667170"]
[EventCountry "GER"]
[EventRounds "7"]
[EventType "team-swiss"]
[EventDate "2008.11.13"]

1. d4 Nf6 2. Nf3 e6 3. Nbd2 c5 4. e3 d6 5. Bd3 Be7 6. O-O Nbd7 7. b3 O-O 8. Bb2
b6 9. c4 Bb7 10. Qe2 Qc7 11. e4 cxd4 12. Nxd4 a6 13. f4 Nc5 14. Rac1 Nxd3 15.
Qxd3 Rfd8 16. Kh1 Rac8 17. Qe3 Nd7 18. N2f3 Nc5 19. Nd2 Bf6 20. Bc3 Qe7 21. Ne2
e5 22. Bb4 a5 23. Bc3 exf4 24. Qxf4 Bxc3 25. Rxc3 Nxe4 26. Nxe4 Bxe4 27. Re3
Re8 28. Kg1 Qb7 29. Rf2 d5 30. Ng3 Bg6 31. Rfe2 Rxe3 32. Qxe3 h6 33. Qf3 Rd8
34. Rd2 Qe7 35. cxd5 Qe1+ 36. Nf1 Be4 37. Qe3 Qxe3+ 38. Nxe3 Rd6 39. Rd4 f5 40.
g4 g6 41. gxf5 gxf5 42. Nc4 Rxd5 43. Rxd5 Bxd5 44. Nxb6 Be6 1/2-1/2

[Event "DLM 2008"]
[Site "Dresden GER"]
[Date "2008.11.14"]
[Round "1"]
[White "Stark, Saskia"]
[Black "Dünzel, Jonas"]
[Result "1/2-1/2"]
[Termination "normal"]
[Board "8.3"]
[WhiteElo "1912"]
[BlackElo "2007"]
[WhiteTeam "Sachsen 2"]
[BlackTeam "Sachsen 1"]
[PlyCount "120"]
[WhiteFideId "4601050"]
[BlackFideId "24631167"]
[EventCountry "GER"]
[EventRounds "7"]
[EventType "team-swiss"]
[EventDate "2008.11.13"]

1. e4 c5 2. Nf3 d6 3. d4 cxd4 4. Nxd4 Nf6 5. Nc3 a6 6. Be3 e5 7. Nf3 Be7 8. Bc4
O-O 9. O-O Be6 10. Bb3 Qc7 11. Bg5 Nbd7 12. Nh4 g6 13. Qd2 Nb6 14. Nf3 Rfd8 15.
Bxf6 Bxf6 16. Rfd1 Rac8 17. Rac1 Nc4 18. Bxc4 Qxc4 19. Qe3 b5 20. Nd2 Qc5 21.
Qg3 b4 22. Na4 Qa5 23. b3 Bd7 24. Nb2 Rc3 25. Ndc4 Qc5 26. Nd3 Qc7 27. f3 Bb5
28. Ndb2 h5 29. Qf2 Bg5 30. Ra1 Qc6 31. Rd5 Be7 32. Rad1 Qc7 33. R5d3 f6 34.
Qd2 Rxd3 35. Qxd3 Qc5+ 36. Kf1 Kg7 37. g3 Bc6 38. Ne3 h4 39. Kg2 hxg3 40. hxg3
Bb5 41. Nbc4 a5 42. Qd5 a4 43. Qd2 Rh8 44. Nb2 axb3 45. axb3 Qc8 46. g4 Rh6 47.
Rh1 Rxh1 48. Kxh1 Qc5 49. Nd5 Bd8 50. Kg2 Bb6 51. Nxb6 Qxb6 52. Nd3 Bxd3 53.
Qxd3 Qc5 54. Kf1 Kf7 55. Qd5+ Qxd5 56. exd5 f5 57. g5 Ke7 58. Ke2 Kd7 59. Kd3
Kc7 60. Kc4 f4 1/2-1/2

[Event "DLM 2008"]
[Site "Dresden GER"]
[Date "2008.11.14"]
[Round "1"]
[White "Schätz, Christopher"]
[Black "Lorenz, Nicole"]
[Result "1-0"]
[Termination "normal"]
[Board "8.4"]
[WhiteElo "2036"]
[BlackElo "1811"]
[WhiteTeam "Sachsen 1"]
[BlackTeam "Sachsen 2"]
[PlyCount "53"]
[WhiteFideId "24623997"]
[BlackFideId "24623709"]
[EventCountry "GER"]
[EventRounds "7"]
[EventType "team-swiss"]
[EventDate "2008.11.13"]

1. e4 c5 2. Nf3 Nc6 3. d4 cxd4 4. Nxd4 Nf6 5. Nc3 d6 6. Bg5 e6 7. Qd2 Qb6 8.
Nb3 a6 9. O-O-O Be7 10. f3 Bd7 11. Kb1 Na5 12. e5 Nxb3 13. cxb3 Nd5 14. Bxe7
Kxe7 15. Qg5+ Kf8 16. Nxd5 exd5 17. Rxd5 Rc8 18. Rxd6 Qc7 19. Bd3 h6 20. Qf4
Bb5 21. Bxb5 axb5 22. Rc1 Qb8 23. Rd7 Rxc1+ 24. Qxc1 Kg8 25. Qc5 Kh7 26. Qc2+
Kg8 27. Qd3 1-0

[Event "DLM 2008"]
[Site "Dresden GER"]
[Date "2008.11.14"]
[Round "1"]
[White "Lehr, Albert"]
[Black "Nguyen Minh, Thuy"]
[Result "0-1"]
[Termination "normal"]
[Board "8.5"]
[WhiteElo "1668"]
[BlackElo "1867"]
[WhiteTeam "Sachsen 2"]
[BlackTeam "Sachsen 1"]
[PlyCount "78"]
[BlackFideId "24672688"]
[EventCountry "GER"]
[EventRounds "7"]
[EventType "team-swiss"]
[EventDate "2008.11.13"]

1. e4 c5 2. Nf3 d6 3. d4 cxd4 4. Nxd4 Nf6 5. Nc3 a6 6. Be3 e6 7. Be2 Be7 8. O-O
Qc7 9. Qd2 b5 10. f3 Nbd7 11. Rad1 O-O 12. g4 Bb7 13. Bf4 Qb6 14. Be3 Qc7 15.
Bf4 Nc5 16. Bg3 Rfd8 17. Qe3 Rac8 18. a3 Qb6 19. Rd2 Ncd7 20. Na2 g6 21. Bf2
Qc7 22. Bg3 e5 23. Nb3 Nf8 24. Nc3 Ne6 25. Rfd1 Bc6 26. Kf1 Rb8 27. Bh4 Nxg4
28. fxg4 Bxh4 29. Nd5 Bxd5 30. Rxd5 Qe7 31. Bf3 Bg5 32. Qc3 Rbc8 33. Qb4 Rxc2
34. Rxd6 Rxd6 35. Qxd6 Qa7 36. Nd2 Qe3 37. Qxa6 Bh4 38. Qa8+ Kg7 39. Qa7 Qxa7
0-1

[Event "DLM 2008"]
[Site "Dresden GER"]
[Date "2008.11.14"]
[Round "1"]
[White "Peil, Christoph"]
[Black "Grunwald, Martin"]
[Result "1/2-1/2"]
[Termination "normal"]
[Board "8.6"]
[WhiteElo "1710"]
[BlackElo "1581"]
[WhiteTeam "Sachsen 1"]
[BlackTeam "Sachsen 2"]
[PlyCount "59"]
[WhiteFideId "24651800"]
[BlackFideId "1270580"]
[EventCountry "GER"]
[EventRounds "7"]
[EventType "team-swiss"]
[EventDate "2008.11.13"]

1. d4 d5 2. c4 c6 3. cxd5 cxd5 4. Nc3 Nc6 5. Nf3 Nf6 6. e3 e6 7. Bd3 Be7 8. a3
Bd7 9. Bd2 Rc8 10. Rc1 a6 11. Ne2 Bd6 12. Ng3 Na7 13. O-O Bb5 14. Bxb5+ Nxb5
15. Ne5 Rxc1 16. Bxc1 O-O 17. f4 Qc7 18. Bd2 Rc8 19. a4 Na7 20. Bc3 Bxe5 21.
fxe5 Ne4 22. Nxe4 dxe4 23. Qg4 Nc6 24. Qxe4 Ne7 25. Qf3 Nd5 26. e4 Nxc3 27.
bxc3 Qd7 28. h4 Rc7 29. Ra1 Rc4 30. a5 1/2-1/2

[Event "DLM 2008"]
[Site "Dresden GER"]
[Date "2008.11.14"]
[Round "1"]
[White "Pührer, Anne"]
[Black "Winkelmann, Elise"]
[Result "1-0"]
[Termination "normal"]
[Board "8.8"]
[WhiteElo "1282"]
[BlackElo "944"]
[WhiteTeam "Sachsen 1"]
[BlackTeam "Sachsen 2"]
[PlyCount "65"]
[WhiteFideId "24692247"]
[EventCountry "GER"]
[EventRounds "7"]
[EventType "team-swiss"]
[EventDate "2008.11.13"]

1. e4 d5 2. exd5 Qxd5 3. Nc3 Qa5 4. d4 c6 5. Nf3 Nf6 6. Bd3 Bf5 7. O-O e6 8.
Bf4 Be7 9. Re1 Bxd3 10. Qxd3 O-O 11. Re5 Qd8 12. Ne4 Nbd7 13. Nxf6+ Nxf6 14.
Bd2 Bd6 15. Re2 c5 16. Bg5 cxd4 17. Qxd4 Be7 18. Rd1 Qxd4 19. Rxd4 h6 20. Bh4
g5 21. Bg3 Nd5 22. Rxd5 g4 23. Nd4 Bf6 24. Be5 Bxe5 25. Rdxe5 Rad8 26. c3 Rfe8
27. R2e4 f5 28. Nxf5 Rd1+ 29. Re1 Rxe1+ 30. Rxe1 e5 31. Nxh6+ Kg7 32. Nxg4 e4
33. f3 1-0

[Event "DLM 2008"]
[Site "Dresden GER"]
[Date "2008.11.14"]
[Round "1"]
[White "Paul, Johannes"]
[Black "Müller, Reinhold"]
[Result "0-1"]
[Termination "normal"]
[Board "9.1"]
[WhiteElo "2129"]
[BlackElo "2228"]
[WhiteTeam "Sachsen Anhalt"]
[BlackTeam "Saarland"]
[PlyCount "126"]
[WhiteFideId "24622087"]
[BlackFideId "24605875"]
[EventCountry "GER"]
[EventRounds "7"]
[EventType "team-swiss"]
[EventDate "2008.11.13"]

1. c4 Nf6 2. Nf3 c5 3. Nc3 d5 4. cxd5 Nxd5 5. g3 Nc6 6. Bg2 e6 7. O-O Be7 8. d3
O-O 9. Bd2 b6 10. a3 Bb7 11. Qa4 Rc8 12. Rac1 a6 13. Nxd5 Qxd5 14. Bc3 b5 15.
Qg4 f6 16. Rfd1 e5 17. Nd4 Qxg2+ 18. Kxg2 exd4 19. f3 dxc3 20. Qe6+ Kh8 21.
bxc3 Rfe8 22. Qd7 Ba8 23. e4 Rcd8 24. Qe6 Rd6 25. Qa2 Red8 26. a4 b4 27. Qc4
Bb7 28. d4 R6d7 29. d5 Ne5 30. Qe2 Bd6 31. c4 a5 32. f4 Ng6 33. h4 Bxf4 34. h5
Bxc1 35. hxg6 Bh6 36. e5 fxe5 37. Qxe5 Ba6 38. Rh1 Bxc4 39. Rxh6 Bxd5+ 40. Kh2
Bg8 41. Rxh7+ Bxh7 42. Qh5 Kg8 43. Qxh7+ Kf8 44. Qh8+ Ke7 45. Qxg7+ Ke6 46. Qh6
Kd5 47. Qg5+ Kc4 48. g7 b3 49. g8=Q+ Rxg8 50. Qxg8+ Kc3 51. Qh8+ Rd4 52. Qe5 c4
53. Qxa5+ Kc2 54. Qf5+ Rd3 55. Kh3 b2 56. Qf2+ Kb3 57. Qb6+ Ka2 58. Qb4 b1=Q
59. Qxc4+ Rb3 60. a5 Qe1 61. Qc2+ Ka3 62. Qc5+ Kb2 63. Qd4+ Kb1 0-1

[Event "DLM 2008"]
[Site "Dresden GER"]
[Date "2008.11.14"]
[Round "1"]
[White "Müller, Pascal"]
[Black "Hofmann, Annett"]
[Result "0-1"]
[Termination "normal"]
[Board "9.2"]
[WhiteElo "1991"]
[BlackElo "1993"]
[WhiteTeam "Saarland"]
[BlackTeam "Sachsen Anhalt"]
[PlyCount "82"]
[BlackFideId "24603759"]
[EventCountry "GER"]
[EventRounds "7"]
[EventType "team-swiss"]
[EventDate "2008.11.13"]

1. e4 c5 2. Nf3 d6 3. d4 cxd4 4. Nxd4 Nf6 5. Nc3 a6 6. Bc4 b5 7. Bb3 e6 8. Qe2
Bb7 9. a3 Nbd7 10. f3 Be7 11. O-O Qc7 12. Be3 Nc5 13. Ba2 O-O 14. Rad1 Rfe8 15.
Qf2 Ncd7 16. Qg3 Bf8 17. Rfe1 Ne5 18. Qf2 Nc4 19. Bxc4 Qxc4 20. Nb3 a5 21. Bb6
d5 22. Rd4 Qc6 23. Bxa5 dxe4 24. Nxe4 Nd5 25. Rd2 f5 26. Nc3 Nxc3 27. Bxc3 Bxa3
28. Bxg7 Kxg7 29. Qg3+ Kf7 30. bxa3 Rxa3 31. Red1 Bc8 32. Qh4 Rg8 33. Qxh7+ Rg7
34. Qh5+ Rg6 35. Nd4 Qc5 36. Kh1 Ra2 37. Qh8 Qc3 38. Rd3 Ra1 39. Qh7+ Rg7 40.
Qh5+ Rg6 41. f4 Qe1+ 0-1

[Event "DLM 2008"]
[Site "Dresden GER"]
[Date "2008.11.14"]
[Round "1"]
[White "Rafayevych, Vilen"]
[Black "Müller, Denis"]
[Result "1-0"]
[Termination "normal"]
[Board "9.3"]
[WhiteElo "1979"]
[BlackElo "1927"]
[WhiteTeam "Sachsen Anhalt"]
[BlackTeam "Saarland"]
[PlyCount "46"]
[WhiteFideId "24673897"]
[BlackFideId "4696140"]
[EventCountry "GER"]
[EventRounds "7"]
[EventType "team-swiss"]
[EventDate "2008.11.13"]

1. d4 Nf6 2. c4 g6 3. Nc3 Bg7 4. e4 d6 5. f3 O-O 6. Be3 e5 7. d5 c6 8. Qd2 cxd5
9. cxd5 a6 10. Bd3 Nbd7 11. Nge2 b5 12. O-O Nc5 13. Bc2 Ne8 14. Ng3 f5 15. exf5
gxf5 16. f4 e4 17. Nh5 Bh8 18. Qf2 Nd7 19. Qg3+ Kf7 20. Bxe4 fxe4 21. Nxe4 h6
22. f5 Ne5 23. Bxh6 Rg8 1-0

[Event "DLM 2008"]
[Site "Dresden GER"]
[Date "2008.11.14"]
[Round "1"]
[White "Sonnhalter, Stella"]
[Black "Mertens, Pauline"]
[Result "0-1"]
[Termination "normal"]
[Board "9.4"]
[WhiteElo "1607"]
[BlackElo "1918"]
[WhiteTeam "Saarland"]
[BlackTeam "Sachsen Anhalt"]
[PlyCount "68"]
[WhiteFideId "4624815"]
[BlackFideId "24671959"]
[EventCountry "GER"]
[EventRounds "7"]
[EventType "team-swiss"]
[EventDate "2008.11.13"]

1. e4 c5 2. Nf3 d6 3. d4 cxd4 4. Nxd4 Nf6 5. Nc3 a6 6. Qf3 Nbd7 7. Be3 e6 8. h3
Qc7 9. g4 Ne5 10. Qe2 b5 11. Bg2 Bb7 12. f3 Be7 13. Rd1 O-O 14. O-O Nc4 15. Bc1
b4 16. Nb1 d5 17. b3 Nb6 18. e5 Nfd7 19. Bb2 Qxe5 20. Qxe5 Nxe5 21. Nxe6 Nxf3+
22. Bxf3 fxe6 23. Bd4 Nd7 24. Rde1 Bc5 25. Bxc5 Nxc5 26. Nd2 Rad8 27. Rf2 e5
28. Rfe2 e4 29. Bg2 Ne6 30. Rc1 Nf4 31. Ree1 Nxg2 32. Kxg2 e3 33. Nf1 d4+ 34.
Kg1 Rf2 0-1